000 00666nam a2200217 u 4500
005 20240228064158.0
008 141121s2006 r 000 0 eng d
020 _a9788408068419 (13 dígitos)
020 _a8408068415 (10 dígitos)
035 _aUPN01000200853
049 _aI
050 4 _aPZ71
_bK4.8
100 1 _aKeselman, Gabriela,
_d1953-
_931735
245 1 1 _a¡Te lo he dicho 100 veces! /
_cGabriela Keselman ; il. Claudia Ranucci.
260 _aBarcelona, Esp. :
_bPlaneta,
_c2006.
300 _a[24] p. :
_bprincipalmente il. col.
440 0 _aDestino
650 4 _aLibros y lectura para niños
_92290
905 _aInfantil
999 _c172954
_d172954